| 000 | 00808nam a22002777a 4500 | ||
|---|---|---|---|
| 003 | URS | ||
| 005 | 20250128180638.0 | ||
| 008 | 250123b |||||||| |||| 00| 0 eng d | ||
| 020 | _a978-1-83997-806-7 | ||
| 020 | _a978-1-83997-805-0 | ||
| 040 | _cURS | ||
| 050 | 0 | 0 |
_aHV 40 _b.T3711 2023 |
| 100 | 1 | _aThompson, Neil | |
| 245 | 1 | 0 |
_aThe Social Worker's Practice Manual _cThompson, Neil |
| 250 | _aFirst Edition | ||
| 264 | 1 |
_amanila _bPublisher In Great Britain by Jessica Kingsley _c@2023 |
|
| 300 |
_a288 pages, _billustrations _c23cm. |
||
| 336 |
_2rdacontent _aText |
||
| 337 |
_2rdamedia _aunmediated |
||
| 338 |
_2rdacarrier _avolume |
||
| 504 | _aIncludes Index | ||
| 650 | _2Social service-- Manual. | ||
| 650 | _2Social workers'-- Manual. | ||
| 700 | _aNeil, Thompson | ||
| 942 |
_2lcc _cF |
||
| 999 |
_c81872 _d81871 |
||